| 000 | 01103nas a2200373 4500 | ||
|---|---|---|---|
| 001 | BR2010002388 | ||
| 003 | BR-BrBNA | ||
| 005 | 20231205115327.0 | ||
| 007 | ta | ||
| 008 | 230509b bl.|||p| |||| 00| 00por d | ||
| 040 |
_aBR-BrBNA _bpor _cBiblioteca Nacional de Agricultura |
||
| 041 | _a(Pt) | ||
| 072 | _aF01; H01 | ||
| 100 | 1 | _aFerreira, J.B. | |
| 100 | 1 | _aAbreu, M.S. de | |
| 100 | 1 | _aPereira, I.S. | |
| 100 | 1 | _aFernandes, K.D. | |
| 100 | 1 | _aPereira, R.B. | |
| 245 | 1 | _aEfeito de fungicidas e influência de fatores climáticos sobre a mancha manteigosa no cafeeiro | |
| 650 | _aPRODUÇÃO VEGETAL | ||
| 650 | _aCAFÉ | ||
| 650 | _aDEFESA VEGETAL | ||
| 650 | _aCOFFEA ARABICA | ||
| 650 | _aDOENÇA DE PLANTA | ||
| 650 | _aMANCHA MANTEIGOSA | ||
| 650 | _aCOLLETOTRICHUM | ||
| 650 | _aFUNGO | ||
| 650 | _aCONDIÇÃO AMBIENTAL | ||
| 650 | _aCONTROLE QUÍMICO | ||
| 650 | _aFUNGICIDA | ||
| 773 | 0 |
_tCiência e Agrotecnologia (Brazil) _x14123-7054 _g(Mar-Apr 2009), v. 33(2) p. 417-424 _wBR2010002388 |
|
| 909 |
_a202311 _bLúcia _c55 _dLúcia Elande |
||
| 942 |
_2AGRIS _n0 _cANA |
||
| 999 |
_c213240 _d213240 |
||